000 00261nam a2200097Ia 4500
001 916218
005 20250826185849.0
008 250824s9999 xx 000 0 und d
245 0 _aVAHŞİ BATININ ÖYKÜSÜ
_cNICHOLAS HARRIS
260 _bBİNBİR ÇİÇEK YAYINLARI
999 _c916218
_d916218